Робинзон младший. Ч. 1 (Запись № 3004999)

Подробности
000 -МАРКЕР
контрольное поле 01033nam2a22002411 4500
001 - ИДЕНТИФИКАТОР ЗАПИСИ
контрольное поле v19\rc\1487767
005 - ИДЕНТИФИКАТОР ВЕРСИИ
контрольное поле 20250618154607.0
035 ## - ДРУГИЕ СИСТЕМНЫЕ НОМЕРА
Идентификатор записи (NLR Aleph) 004618187
100 ## - ДАННЫЕ ОБЩЕЙ ОБРАБОТКИ
Данные общей обработки 20060620d1880 |||y0rusy50 ca
101 1# - ЯЗЫК РЕСУРСА
Язык текста, звукозаписи и т.д. русский
Язык оригинала немецкий
102 ## - СТРАНА ПУБЛИКАЦИИ ИЛИ ПРОИЗВОДСТВА
Страна публикации Российская Федерация
105 ## - ПОЛЕ КОДИРОВАННЫХ ДАННЫХ: ТЕКСТОВЫЕ МАТЕРИАЛЫ, МОНОГРАФИЧЕСКИЕ
Кодированные данные о монографическом текстовом документе a z |||||
200 0# - ЗАГЛАВИЕ И СВЕДЕНИЯ ОБ ОТВЕТСТВЕННОСТИ
Основное заглавие Ч. 1
215 ## - ФИЗИЧЕСКАЯ ХАРАКТЕРИСТИКА
Специфическое обозначение материала и объем VI, 109 с., 1 л. цв. ил.
461 #0 - УРОВЕНЬ НАБОРА
Встроенное поле 001v19\rc\1487766
-- 2001#$aРобинзон младший$eКн. для детей$eВ 2 ч.$fСоч. И.Г. Кампе$gПер. под ред. Н.Х. Весселя. Ч. 1-2$vЧ. 1
-- 700#1$aКампе$bИ.Г.$f1746-1818$gИоахим Генрих
Системный номер (АБИС) связанной записи 3004990
Автор Кампе, И. Г. (1746-1818)
Место публикации Санкт-Петербург
Дата публикации 1880
Первые сведения об ответственности Соч. И.Г. Кампе
Имя издателя, распространителя и т.д. Д.Ф. Федоров
Сведения, относящиеся к заглавию Кн. для детей : В 2 ч.
Физическая характеристика 2 т.
Заглавие Робинзон младший
Номер тома Ч. 1
801 #0 - ИСТОЧНИК ЗАПИСИ
Страна Российская Федерация
Организация NLR
Правила каталогизации psbo
801 #0 - ИСТОЧНИК ЗАПИСИ
Страна Российская Федерация
Организация RuMoRGB
Источник данных psbo
801 #1 - ИСТОЧНИК ЗАПИСИ
Страна Российская Федерация
Организация ProSoft-M
Источник данных rusmarc
852 ## - МЕСТОНАХОЖДЕНИЕ И ШИФР ХРАНЕНИЯ
Идентификатор организации NLR
Шифр хранения (Call Number) 18.138.5.58
899 ## - ДАННЫЕ О МЕСТОНАХОЖДЕНИИ (устаревшее)
Местонахождение RuMoRGB
Шифр хранения МК
942 ## - ДОПОЛНИТЕЛЬНЫЕ ЭЛЕМЕНТЫ ЗАПИСИ (АБИС)
Тип экземпляра АБИС Книга
980 ## - КОЛЛЕКЦИЯ
Название коллекции Национальная библиография
Экземпляры
Тип экземпляра Дата поступления Библиотека постоянного хранения Библиотека текущего хранения Место хранения Шифр хранения Штрих-код Статус экземпляра
Книга 26.10.2013 РНБ (Садовая) РНБ (Садовая) Русский книжный фонд -Главное здание, Ленинский читальный зал 18.138.5.58 4618187-10